LEADER 00996nam a2200229 4500 001 000000367037 003 CaOOAMICUS 005 20260327114529.0 008 260327s1932 it a 000 u ita r 040 $aSeMil$bita 100 1 $aFaloci Pulignani, Michele,$c.$0(OLS)http://semarc/name/2042 245 10$aFrammenti francescani : lettera aperta /$cdi mons. Faloci Pulignani al m. R. P. Nicola Cavanna, O. M. 250 $a2. Edizione 264 1$aGubbio :$bOderisi,$c1932. 300 $a20 p. :$b1 ritratto ;$c28 cm 500 $aEstr. da: Miscellanea Francescana, vol. 31., p. 269-280 ; Con appendice 700 1 $aCavanna, Nicola.$0(OLS)http://semarc/name/29851 850 $aSeMil 852 $aSeMil$W1$xVenegono$y1$m5C VIII 9/3$j269186$B257771$CSeMilBibl$Z2$F257771 $8M 996 $6245$aFrammenti francescani : lettera aperta$9(OLS)http://semarc/title/458862 996 $6264$aGubbio :$bOderisi$9(OLS)http://semarc/publisher/41504